[Event "Challenge"]
[Site "http://www.queenalice.com/game.php?id=332317"]
[Date "2008.1.7"]
[Round "-"]
[White "Nightmoves83"]
[Black "Reirobinhu"]
[Result "0-1"]
[WhiteElo "1684"]
[BlackElo "1825"]

1. e4 c5 2. Nc3 Nf6 3. g3 d6 4. Bg2 e5 5. d3 Nc6 6. f4 h5 7. f5 Bd7 8. Nf3 Qb6
9. Rb1 O-O-O 10. Na4 Qb4+ 0-1

[Event "Challenge"]
[Site "http://www.queenalice.com/game.php?id=333177"]
[Date "2008.1.8"]
[Round "-"]
[White "Reirobinhu"]
[Black "hautruong"]
[Result "1-0"]
[WhiteElo "1889"]
[BlackElo "1960"]

1. e4 e6 2. d4 d5 3. exd5 exd5 4. Nf3 Nf6 5. Be2 Be7 6. c4 O-O 7. O-O Nc6 8. b3
dxc4 9. bxc4 Bg4 10. Be3 Bb4 11. Qa4 Bxf3 12. Bxf3 Nxd4 13. Bxd4 Qxd4 14. Qxb4
a5 15. Qc3 Qxc3 16. Nxc3 c6 17. Rab1 Rab8 18. Rb2 Rfe8 19. Rfb1 Re6 20. h3 g6
21. Rxb7 Rxb7 22. Rxb7 Re1+ 23. Kh2 Rc1 24. Rb3 Rc2 25. Bxc6 Rxf2 26. Ra3 Rc2
27. Bb5 Kg7 28. c5 Nd5 29. Nxd5 Rxc5 30. Nc3 Kf8 31. Be2 Ke7 32. Nb5 Re5 33. Bf1
Re1 34. Kg1 1-0

[Event "Re"]
[Site "http://www.queenalice.com/game.php?id=336706"]
[Date "2008.1.15"]
[Round "-"]
[White "Reirobinhu"]
[Black "Abstro"]
[Result "1-0"]
[WhiteElo "1925"]
[BlackElo "1780"]

1. e4 e5 2. Nf3 Nc6 3. c3 a6 4. d4 d6 5. dxe5 Nxe5 6. Nxe5 dxe5 7. Qxd8+ Kxd8 8.
Bc4 f6 9. O-O Ne7 10. Rd1+ Ke8 11. Be3 Ng6 12. Nd2 Nf4 13. g3 Ng6 14. Nb3 Bg4
15. Rd2 Bd6 16. Bd5 Rb8 17. Na5 c6 18. Bxc6+ Bd7 19. Rxd6 1-0

[Event "Challenge"]
[Site "http://www.queenalice.com/game.php?id=337231"]
[Date "2008.1.16"]
[Round "-"]
[White "peritezz"]
[Black "Reirobinhu"]
[Result "1-0"]
[WhiteElo "2102"]
[BlackElo "1837"]

1. d4 Nf6 2. c4 g6 3. Nc3 Bg7 4. e4 d6 5. Nf3 O-O 6. Be2 Nbd7 7. O-O b6 8. e5
Ne8 9. e6 Ndf6 10. exf7+ Rxf7 11. Ng5 Rf8 12. Bf3 Rb8 13. Nb5 a6 14. Na7 Qd7 15.
Nc6 Rb7 16. Re1 e5 17. dxe5 dxe5 18. Qxd7 1-0

[Event "Challenge"]
[Site "http://www.queenalice.com/game.php?id=338073"]
[Date "2008.1.17"]
[Round "-"]
[White "Reirobinhu"]
[Black "cessna82783"]
[Result "0-1"]
[WhiteElo "1944"]
[BlackElo "1897"]

1. e4 c5 2. Nf3 d6 3. d4 cxd4 4. Nxd4 e5 5. Nb3 Nc6 6. Nc3 Be6 7. Be2 Nf6 8. Bg5
h6 9. Bh4 Be7 10. O-O O-O 11. h3 Nxe4 12. Nxe4 Bxh4 13. Qxd6 Bd5 14. Qxd8 Rfxd8
15. Nec5 b6 16. Nd3 Bg5 17. Rfe1 e4 18. Ndc1 f5 19. c4 Bf7 20. a3 a5 21. Rb1 a4
22. Na1 Nd4 23. Bf1 Bh5 24. Ne2 Bxe2 25. Bxe2 Bd2 26. Bh5 Bxe1 27. Rxe1 Rac8 28.
Rc1 b5 29. c5 g6 30. Bxg6 Ne2+ 0-1

[Event "Challenge"]
[Site "http://www.queenalice.com/game.php?id=338074"]
[Date "2008.1.17"]
[Round "-"]
[White "hautruong"]
[Black "Reirobinhu"]
[Result "1-0"]
[WhiteElo "1948"]
[BlackElo "1914"]

1. d4 Nf6 2. c4 e6 3. a3 Be7 4. Nc3 O-O 5. Nf3 b6 6. e4 Bb7 7. d5 d6 8. g3 c6 9.
Bg2 Nbd7 10. dxe6 fxe6 11. Nd4 Kf7 12. Bh3 Nc5 13. b4 Ncxe4 14. Nxe4 Nxe4 15.
Nxe6 Qe8 16. Nxf8 Bxf8 17. O-O c5 18. Re1 Be7 19. Qf3+ Bf6 20. Bf5 d5 21. cxd5
Bxa1 22. Rxe4 1-0

[Event "AUTO-MASTER-452"]
[Site "http://www.queenalice.com/game.php?id=338283"]
[Date "2008.1.18"]
[Round "1"]
[White "malecar"]
[Black "Reirobinhu"]
[Result "1-0"]
[WhiteElo "2038"]
[BlackElo "1854"]

1. e4 e5 2. Nf3 Nc6 3. Bc4 Nf6 4. Ng5 d5 5. exd5 Na5 6. Bb5+ c6 7. dxc6 bxc6 8.
Be2 h6 9. Nf3 e4 10. Ne5 Bd6 11. Nc4 Nxc4 12. Bxc4 1-0

[Event "AUTO-MASTER-452"]
[Site "http://www.queenalice.com/game.php?id=338284"]
[Date "2008.1.18"]
[Round "1"]
[White "Reirobinhu"]
[Black "malecar"]
[Result "0-1"]
[WhiteElo "1845"]
[BlackElo "2047"]

1. e4 c5 2. Nf3 d6 3. d4 cxd4 4. Nxd4 Nf6 5. Nc3 g6 6. Be3 Bg7 7. Be2 O-O 8. O-O
Nc6 9. f4 Qb6 10. Rb1 e5 11. Nf5 Qd8 12. Nxd6 Be6 13. Nxb7 Qxd1 0-1

[Event "AUTO-MASTER-452"]
[Site "http://www.queenalice.com/game.php?id=338297"]
[Date "2008.1.18"]
[Round "1"]
[White "jnable"]
[Black "Reirobinhu"]
[Result "1-0"]
[WhiteElo "1978"]
[BlackElo "1877"]

1. d4 Nf6 2. c4 e6 3. Nc3 b6 4. e4 d6 5. Be3 Be7 6. Nf3 Bb7 7. Bd3 O-O 8. b4
Nbd7 9. O-O Rc8 10. Rc1 d5 11. c5 dxe4 12. b5 exf3 13. c6 1-0

[Event "AUTO-MASTER-452"]
[Site "http://www.queenalice.com/game.php?id=338298"]
[Date "2008.1.18"]
[Round "1"]
[White "Reirobinhu"]
[Black "jnable"]
[Result "0-1"]
[WhiteElo "1865"]
[BlackElo "1990"]

1. e4 c5 2. Nf3 Nc6 3. d4 cxd4 4. Nxd4 d6 5. Be2 Nf6 6. Nc3 e6 7. O-O Be7 8. Be3
a6 9. Qd2 O-O 10. f4 e5 11. Nf5 Bxf5 12. exf5 d5 0-1

[Event "AUTO-MASTER-452"]
[Site "http://www.queenalice.com/game.php?id=338307"]
[Date "2008.1.18"]
[Round "1"]
[White "Reirobinhu"]
[Black "pumamercedino"]
[Result "0-1"]
[WhiteElo "1885"]
[BlackElo "2195"]

1. e4 c5 2. Nf3 e6 3. d4 cxd4 4. Nxd4 a6 5. Be2 Nf6 6. Nc3 Qc7 7. Be3 Bb4 8. Qd3
Nxe4 9. Bd2 Nxd2 10. Qxd2 O-O 11. O-O Bxc3 12. Qxc3 Qxc3 13. bxc3 d5 14. Rab1
Nd7 15. c4 dxc4 16. Bxc4 b5 17. Be2 Nb6 18. Nc6 Bb7 19. Bf3 Bxc6 20. Bxc6 Ra7
21. Rfd1 Rc7 22. Be4 Na4 23. Rd2 Nc3 24. Re1 g6 25. Bd3 Kg7 26. a3 Rd8 27. f3
Rd4 28. Kf2 Ra4 29. Ra1 b4 0-1

[Event "AUTO-MASTER-452"]
[Site "http://www.queenalice.com/game.php?id=338308"]
[Date "2008.1.18"]
[Round "1"]
[White "pumamercedino"]
[Black "Reirobinhu"]
[Result "1-0"]
[WhiteElo "2192"]
[BlackElo "1891"]

1. d4 d6 2. g3 Nf6 3. Bg2 g6 4. e4 Bg7 5. Ne2 O-O 6. h3 Nc6 7. O-O e5 8. Nbc3
Bd7 9. Be3 Qc8 10. Kh2 Re8 11. d5 Ne7 12. Qd2 c6 13. dxc6 Qxc6 14. Rad1 Nc8 15.
f4 Nh5 16. f5 Rd8 17. Nd5 Be8 18. g4 Nf6 19. Bh6 Nxd5 20. exd5 Qb5 21. Bxg7 Kxg7
22. f6+ Kh8 23. Qh6 1-0

[Event "AUTO-ADV-772"]
[Site "http://www.queenalice.com/game.php?id=338458"]
[Date "2008.1.18"]
[Round "1"]
[White "vindaloo"]
[Black "Reirobinhu"]
[Result "0-1"]
[WhiteElo "1869"]
[BlackElo "1900"]

1. e4 e5 2. Nf3 Nc6 3. Bc4 Nf6 4. O-O Bc5 5. c3 O-O 6. b4 Bb6 7. a4 a6 8. a5 Ba7
9. Qb3 d6 10. d3 b5 11. axb6 Bxb6 12. Ng5 Qe7 13. Bd5 Nxd5 14. exd5 Na7 15. Nf3
Qf6 16. c4 c6 17. Bg5 Qg6 18. Nc3 h6 19. Bd2 Bh3 20. g3 Bxf1 21. Rxf1 Qxd3 22.
Kg2 Rab8 23. Rd1 Qf5 24. Re1 Bc5 25. Ne4 a5 26. dxc6 Nxc6 27. Nxc5 dxc5 28. b5
e4 29. Ng1 Rfd8 30. Qe3 Nb4 31. Rc1 Nd3 32. Rf1 a4 33. Ne2 Ne5 34. Qc3 Qf3+ 35.
Kg1 Qxe2 36. Bxh6 Nf3+ 0-1

[Event "AUTO-ADV-772"]
[Site "http://www.queenalice.com/game.php?id=338459"]
[Date "2008.1.18"]
[Round "1"]
[White "Reirobinhu"]
[Black "vindaloo"]
[Result "1-0"]
[WhiteElo "1880"]
[BlackElo "1854"]

1. e4 e6 2. d4 d5 3. Nc3 Bb4 4. exd5 Bxc3+ 5. bxc3 Qxd5 6. c4 Qe4+ 7. Be3 Nf6 8.
Nf3 O-O 9. Bd3 Qc6 10. O-O Qe8 11. c3 Nbd7 12. Bf4 c6 13. Bd6 b6 14. Bxf8 Nxf8
15. Ne5 N8d7 16. Nxc6 e5 17. d5 Nc5 18. Re1 e4 19. Bc2 Bf5 20. Qd4 Qd7 21. Ne5
Qc7 22. d6 Qb7 23. a4 Re8 24. Rab1 Ne6 25. Qe3 Nc5 26. Qxc5 1-0

[Event "AUTO-ADV-772"]
[Site "http://www.queenalice.com/game.php?id=338472"]
[Date "2008.1.18"]
[Round "1"]
[White "Reirobinhu"]
[Black "od_xavier"]
[Result "0-1"]
[WhiteElo "1832"]
[BlackElo "1790"]

1. e4 e5 2. Nf3 Nc6 3. Bc4 Bc5 4. c3 d6 5. d4 exd4 6. cxd4 Bb6 7. O-O Bg4 8. Qb3
Qd7 9. Ng5 O-O-O 10. Nxf7 Nf6 11. Nxd8 Rxd8 12. Na3 Nxd4 13. Qc3 Nxe4 14. Qe1
Bf3 15. Kh1 Re8 16. Be3 Qg4 17. Rg1 Nf5 18. Bf1 Bxe3 19. fxe3 Neg3+ 20. hxg3
Nxg3+ 21. Qxg3 Qxg3 22. gxf3 Qxf3+ 23. Rg2 Rxe3 24. Kg1 Qf6 25. Rb1 g5 26. Nc4
Re4 27. b3 d5 28. Nd2 Re3 29. Rf2 Qd4 30. Rd1 Qg4+ 0-1

[Event "AUTO-ADV-772"]
[Site "http://www.queenalice.com/game.php?id=338473"]
[Date "2008.1.18"]
[Round "1"]
[White "od_xavier"]
[Black "Reirobinhu"]
[Result "1-0"]
[WhiteElo "1689"]
[BlackElo "1936"]

1. e4 e5 2. Nf3 Nc6 3. Bb5 Nf6 4. d3 Be7 5. O-O O-O 6. Be3 d6 7. h3 Bd7 8. Nc3
a6 9. Bc4 b5 10. Bb3 Na5 11. Nd5 Nxb3 12. Nxf6+ Bxf6 13. axb3 c6 14. c4 Rb8 15.
c5 Bc8 16. b4 Ra8 17. d4 dxc5 18. bxc5 Re8 19. Qc2 Qc7 20. Rad1 Be6 21. Bg5 Bxg5
22. Nxg5 Bc4 23. Rfe1 b4 24. d5 cxd5 25. exd5 g6 26. Qxc4 Qe7 27. h4 Rec8 28. d6
Qd7 29. Rxe5 Rc6 30. Ne4 1-0

[Event "AUTO-ADV-772"]
[Site "http://www.queenalice.com/game.php?id=338474"]
[Date "2008.1.18"]
[Round "1"]
[White "Reirobinhu"]
[Black "MGimenes"]
[Result "0-1"]
[WhiteElo "1908"]
[BlackElo "1913"]

1. e4 e6 2. d4 d5 3. Nc3 Bb4 4. exd5 exd5 5. Bd2 Nf6 6. Nf3 Bg4 7. Be2 O-O 8.
O-O Re8 9. Na4 Bxd2 10. Qxd2 Qd6 11. Rfe1 Nc6 12. c3 Re7 13. Nc5 b6 14. Nd3 Rae8
15. Nde5 Bxf3 16. Nxf3 h6 17. Nh4 Ne4 18. Qc2 Qf4 19. Nf3 Nd2 0-1

[Event "AUTO-ADV-772"]
[Site "http://www.queenalice.com/game.php?id=338475"]
[Date "2008.1.18"]
[Round "1"]
[White "MGimenes"]
[Black "Reirobinhu"]
[Result "1-0"]
[WhiteElo "1929"]
[BlackElo "1892"]

1. d4 Nf6 2. c4 e6 3. Nc3 Bb4 4. Bg5 O-O 5. Qc2 c5 6. e3 b6 7. Nf3 Bb7 8. Be2 d6
9. O-O Nbd7 10. a3 cxd4 11. exd4 Bxc3 12. Qxc3 Rc8 13. Rac1 Be4 14. Rfe1 b5 15.
b3 Qb6 16. Bxf6 Nxf6 17. Nd2 Qb7 18. Nxe4 Qxe4 19. Bf3 1-0

[Event "Let's Play Chess!"]
[Site "http://www.queenalice.com/game.php?id=675312"]
[Date "2009.10.31"]
[Round "-"]
[White "azad_m"]
[Black "Reirobinhu"]
[Result "1-0"]
[WhiteElo "1604"]
[BlackElo "1787"]

1. e4 e5 2. Nf3 Nc6 3. Bb5 a6 4. Bxc6 dxc6 5. Nxe5 Qd4 6. Nf3 Qxe4+ 7. Qe2 Qxe2+
8. Kxe2 Bg4 9. Re1 O-O-O 10. Kf1 Nf6 11. Ne5 Be6 12. Nc3 Bd6 13. d3 Rhe8 14. Bg5
h6 15. Bh4 g5 16. Bg3 Nh5 17. Re3 Nxg3+ 18. fxg3 f5 19. Rae1 Bc5 20. R3e2 Bd4
21. Nc4 1-0

[Event "Let's Play Chess!"]
[Site "http://www.queenalice.com/game.php?id=675323"]
[Date "2009.10.31"]
[Round "-"]
[White "Reirobinhu"]
[Black "azad_m"]
[Result "0-1"]
[WhiteElo "1764"]
[BlackElo "1627"]

1. e4 e5 2. Nf3 Nc6 3. Bc4 Nf6 4. Ng5 d5 5. exd5 Nxd5 6. Nxf7 Kxf7 7. Qf3+ Ke8
8. Bxd5 Qe7 9. Bxc6+ Kd8 10. Bxb7 Bxb7 0-1

[Event "Let's Play Chess!"]
[Site "http://www.queenalice.com/game.php?id=675324"]
[Date "2009.10.31"]
[Round "-"]
[White "agargent"]
[Black "Reirobinhu"]
[Result "1-0"]
[WhiteElo "1907"]
[BlackElo "1799"]

1. e4 e5 2. Nf3 Nc6 3. Bb5 Nf6 4. Nc3 a6 5. Ba4 b5 6. Bb3 Bc5 7. h3 d6 8. O-O
Na5 9. d3 Nxb3 10. axb3 O-O 11. Bg5 Bb7 12. Re1 h6 13. Be3 Bxe3 14. Rxe3 1-0